000 00523nam a2200181 i 4500
001 96158
003 ES-MaACL
005 20250802101703.0
007 t|
008 050613s1973 sp ||||1| spa d
100 1 _aMcCarthy, Mary.
_979527
245 1 0 _aPájaros de América /
_cMary Mc Carthy; traducción de Andrés Bosch.
260 _aBarcelona :
_bLumen,
_c1973.
300 _a463 p. ;
_c19 cm.
700 1 _aBosch, Andrés,
_d1926-1984
_9160182
852 _aES-MaACL
_jC-53049
_bR.85677
999 _c96158
_d96158